Science Quiz

Random Science Quiz

Nervous System Quiz Stats

 Plays Quiz not verified by Sporcle

Support Sporcle.
Go Orange.
Score 0/10 Timer 03:00
0 Plays Today
Question Answer % Correct
Which part of your body controls the nervous sytsem?brain
82.1%
How many lobes does the brain have?4
77.6%
Which part of the brain controls your balance?cerebellum
64.7%
Whats the biggest part of the brain?cerebrum
61.5%
The brain uses what to communicate through your body?neurons
55.8%
What controls your ability to think, speak and move?cerebrum
47.4%
What kind of actions happen without the brain telling it to?reflex
44.9%
How much does the average brain weigh?3
41%
Which part of the brain controls your breathing?brain stem
35.9%
How many brain cells are in the brain?billion
32.7%

You're not logged in!

Compare scores with friends on all Sporcle quizzes.
OR
Log In

From the Vault

3000 Hits Club by Photo

by puckett86

Sometimes, a picture is worth 3,000 hits.
Remove Ads.
Support Sporcle.
Get the best of Sporcle when you Go Orange. This ad-free experience offers more features, more stats, and more fun while also helping to support Sporcle. Thank you for becoming a member.

Show Comments

Extras

Created Mar 16, 2011ReportNominate
Tags:Nervous, Nervous System, System

Top Quizzes Today


Score Distribution

Your Account Isn't Verified!

In order to create a playlist on Sporcle, you need to verify the email address you used during registration. Go to your Sporcle Settings to finish the process.

Report this User

Report this user for behavior that violates our Community Guidelines.

Details: